[Event "Saarland-ch C"]
[Site "Schiffweiler"]
[Date "2009.04.11"]
[Round "9"]
[White "Draeger, Robin"]
[Black "Balzer, Roman"]
[Result "1-0"]
[WhiteElo "1429"]
[BlackElo "1307"]
[PlyCount "85"]
[EventDate "2009.04.03"]
[EventType "swiss"]
[EventRounds "9"]
[EventCountry "GER"]
[SourceTitle "EXT 2012"]
[Source "ChessBase"]
[SourceDate "2011.11.24"]
[SourceVersion "1"]
[SourceVersionDate "2011.11.24"]
[SourceQuality "1"]

1. e4 e5 2. d4 exd4 3. Qxd4 Nc6 4. Qe3 d6 5. Nc3 Be7 6. Bd2 Nf6 7. h3 a5 8. f4 Nb4 9. 0-0-0 Be6 10. a3 d5 11. exd5 Nfxd5 12. Nxd5 Nxd5 13. Qg3 Bf6 14. Nf3 Qd6 15. Ne5 Qb6 16. Bd3 Ne7 17. Be3 Bh4 18. Bxb6 Bxg3 19. Be3 0-0 20. Rdf1 Nd5 21. Bd2 f6 22. Ng4 Nb6 23. Rf3 Bh4 24. Ne3 f5 25. g4 Nd5 26. Nxf5 Ne7 27. Nxh4 Bd5 28. Rhf1 Bxf3 29. Nxf3 Rae8 30. f5 a4 31. Bb4 Rf6 32. Bb5 c6 33. Bxa4 Nd5 34. Bb3 Kh8 35. Bxd5 cxd5 36. Kd2 Rc8 37. Nd4 Rh6 38. Rf3 Kg8 39. Ne6 Kf7 40. Bc3 g6 41. Ng5+ Ke8 42. Bg7 Rh4 43. f6 1-0

[Event "GER-chT U12"]
[Site "Verden"]
[Date "2005.12.29"]
[Round "5.3"]
[White "Nolte, Christina"]
[Black "Draeger, Robin"]
[Result "1/2-1/2"]
[WhiteElo "1172"]
[BlackElo "980"]
[PlyCount "66"]
[EventDate "2005.12.27"]
[EventType "team-swiss"]
[EventRounds "7"]
[EventCountry "GER"]
[SourceTitle "CBM 110 Extra"]
[Source "ChessBase"]
[SourceDate "2006.03.10"]
[SourceVersion "2"]
[SourceVersionDate "2006.03.10"]
[SourceQuality "1"]

1. e4 c5 2. Nc3 Nc6 3. g3 g6 4. Bg2 Bg7 5. d3 Nf6 6. Be3 d6 7. Qc1 Ng4 8. Bd2 Bd7 9. h3 Nf6 10. Bh6 0-0 11. Nf3 Qc7 12. 0-0 Rfb8 13. a3 a6 14. Rb1 e6 15. b4 cxb4 16. axb4 Ne7 17. Ne2 e5 18. c3 Qc8 19. Kh2 b6 20. Rd1 Nc6 21. Bxg7 Kxg7 22. Qe3 a5 23. bxa5 bxa5 24. d4 a4 25. Ra1 a3 26. Ra2 Rb2 27. Rda1 Rxa2 28. Rxa2 Qa6 29. Nd2 Rb8 30. d5 Ne7 31. c4 Ra8 32. Qd3 Qa5 33. Nb1 Qe1 1/2-1/2

[Event "GER-chT U12"]
[Site "Verden"]
[Date "2005.12.28"]
[Round "4.3"]
[White "Draeger, Robin"]
[Black "Von Karger, Viktor"]
[Result "1/2-1/2"]
[WhiteElo "980"]
[BlackElo "1277"]
[PlyCount "74"]
[EventDate "2005.12.27"]
[EventType "team-swiss"]
[EventRounds "7"]
[EventCountry "GER"]
[SourceTitle "CBM 110 Extra"]
[Source "ChessBase"]
[SourceDate "2006.03.10"]
[SourceVersion "2"]
[SourceVersionDate "2006.03.10"]
[SourceQuality "1"]

1. e4 e5 2. Nf3 Nc6 3. Bc4 Be7 4. c3 Nf6 5. d3 0-0 6. Nbd2 d6 7. d4 exd4 8. cxd4 Bg4 9. h3 Bh5 10. g4 Bg6 11. d5 Nb4 12. Nh4 Bxe4 13. Nxe4 Nxe4 14. Nf3 Bh4 15. Be3 Re8 16. Be2 c6 17. dxc6 bxc6 18. Qb3 Rb8 19. 0-0-0 Bxf2 20. Bxf2 Nxf2 21. Rhf1 Nxd1 22. Kxd1 Nd5 23. Qd3 Ne3+ 24. Ke1 Nxf1 25. Kxf1 Rxb2 26. Bd1 Qb6 27. Bc2 g6 28. Kg2 Qb5 29. Qc3 Qe2+ 30. Kg3 Rxc2 31. Qf6 Qf2+ 32. Kf4 Rc4+ 33. Kg5 Rc5+ 34. Kh6 Kf8 35. Qxd6+ Kg8 36. Qf6 Qe3+ 37. g5 Kf8 1/2-1/2